|
|
|
|
| LEADER |
01722cam a2200397Ii 4500 |
| 001 |
36914 |
| 003 |
BD-DhAAL |
| 005 |
20211222163858.0 |
| 008 |
200114r20142004njua b 000 0 eng d |
| 999 |
|
|
|c 41709
|d 41709
|
| 020 |
|
|
|a 9780691164076
|
| 020 |
|
|
|a 069116407X
|
| 035 |
|
|
|a (OCoLC)893557156
|
| 035 |
|
|
|a NHCCYBP
|
| 040 |
|
|
|a SINLB
|b eng
|e rda
|c SINLB
|d OCLCO
|d CDX
|d OCLCQ
|d MYG
|d BD-DhAAL
|
| 049 |
|
|
|a MYGG
|
| 050 |
1 |
4 |
|a QA11
|b .P6 2014
|
| 082 |
0 |
4 |
|a 510.7
|2 23
|
| 100 |
1 |
|
|a Polya, G.
|d 1887-1985.
|9 38935
|
| 245 |
1 |
0 |
|a How to solve it :
|b a new aspect of mathematical method /
|c G. Polya ; with a foreword by John H. Conway.
|
| 250 |
|
|
|a New Princeton Science Library edition.
|
| 260 |
|
|
|a Princeton :
|b Princeton University Press,
|c 2014.
|
| 300 |
|
|
|a xxvii, 253 pages :
|b illustrations ;
|c 22 cm.
|
| 490 |
1 |
|
|a Princeton science library
|
| 504 |
|
|
|a Includes bibliographical references.
|
| 526 |
|
|
|a CSE
|
| 541 |
|
|
|a Book Finder International
|e 36914, 37171
|
| 650 |
|
0 |
|a Mathematics
|x Study and teaching.
|9 38936
|
| 650 |
|
0 |
|a Mathematics
|v Problems, exercises, etc.
|9 38937
|
| 650 |
|
0 |
|a Computer science.
|9 38940
|
| 700 |
|
|
|a Conway, John H.
|9 38938
|
| 830 |
|
0 |
|a Princeton science library.
|9 38939
|
| 852 |
|
|
|a Ayesha Abed Library
|c General Stacks
|
| 942 |
|
|
|2 ddc
|c BK
|
| 952 |
|
|
|0 0
|1 0
|2 ddc
|4 0
|6 510_700000000000000_POL
|7 0
|9 67646
|a BRACUL
|b BRACUL
|c GEN
|d 2020-01-02
|e Book Finder International
|g 1815.45
|l 5
|m 86
|o 510.7 POL
|p 3010036914
|q 2026-06-02
|r 2026-01-27
|s 2026-01-27
|t 1
|v 1815.45
|w 2020-01-02
|y BK
|
| 952 |
|
|
|0 0
|1 0
|2 ddc
|4 0
|6 510_700000000000000_POL
|7 0
|9 68087
|a BRACUL
|b BRACUL
|c GEN
|d 2020-03-03
|e Book Finder International
|g 1815.45
|l 3
|m 35
|o 510.7 POL
|p 3010037171
|r 2026-05-03
|s 2025-12-18
|t 2
|v 1815.45
|w 2020-03-03
|y BK
|